000
00352nam a2200133Ia 4500
008
231129s1975||||xx |||||||||||||| ||spa||
020
_a
84-250-0197-8
082
_a
GOR- 157
100
_a
Gómez de la Serna Ramón
245
0
_a
Ismos
260
_c
1975
264
_a
Madrid: Guadarrama 1975
942
_2
ddc
_c
BKS
999
_c
16037
_d
16037